Lautan bara

Bibliographic Details
Main Author: SUZANA saleh
Format: Book
Published: Kuala Lumpur : Creative Enterprise , 1992
Subjects:

MARC

LEADER 00000cam a2200000 7i4500
001 0000003542
002 000003812
005 20000330.0
020 |a 9679987892 
090 0 0 |a YF   |b SUZ 
100 0 |a SUZANA   |u binti   |a saleh 
245 1 0 |a Lautan bara   |c Suzana Saleh 
260 |a Kuala Lumpur :   |b Creative Enterprise ,   |c 1992 
300 |a Kuala Lumpur :   |b Creative Enterprise ;   |c 1992#.   |a 130p. ;   |c 17cm. 
650 0 0 |a Malay fiction 
999 |a 031842   |b BUKU   |c YOUTH FICTION   |e PERPUSTAKAAN KOMUNITI PETALING JAYA 
999 |a 031843   |b BUKU   |c YOUTH FICTION   |e PERPUSTAKAAN KOMUNITI PETALING JAYA 
999 |a 031844   |b BUKU   |c YOUTH FICTION   |e PERPUSTAKAAN KOMUNITI PETALING JAYA